The American story : The age of exploration to the age of the atom
This is book introduction dawn and the morning star, toward a common cause, the ideal and the fact, the rise of the common man, the blue and the gray, darwin and politics, from McKinley to Wilson, the modern era.
Đã lưu trong:
| 格式: | 圖書 |
|---|---|
| 語言: | Undetermined |
| 出版: |
Great Neck, N.Y.
Channel Press
1956
|
| 主題: | |
| 標簽: |
添加標簽
沒有標簽, 成為第一個標記此記錄!
|
| Thư viện lưu trữ: | Trung tâm Học liệu Trường Đại học Cần Thơ |
|---|
| LEADER | 00776nam a2200205Ia 4500 | ||
|---|---|---|---|
| 001 | CTU_186328 | ||
| 008 | 210402s9999 xx 000 0 und d | ||
| 082 | |a 973.082 | ||
| 082 | |b A512 | ||
| 245 | 4 | |a The American story : | |
| 245 | 4 | |b The age of exploration to the age of the atom | |
| 245 | 0 | |c Earl Schenck Miers | |
| 260 | |a Great Neck, N.Y. | ||
| 260 | |b Channel Press | ||
| 260 | |c 1956 | ||
| 520 | |a This is book introduction dawn and the morning star, toward a common cause, the ideal and the fact, the rise of the common man, the blue and the gray, darwin and politics, from McKinley to Wilson, the modern era. | ||
| 650 | |a United States,Hoa Kỳ | ||
| 650 | |x History,Lịch sử | ||
| 904 | |i Qhieu | ||
| 980 | |a Trung tâm Học liệu Trường Đại học Cần Thơ | ||